| 000 | 01947nam a2200529 i 4500 | ||
|---|---|---|---|
| 001 | 26220 | ||
| 003 | KOSZ 005 | ||
| 005 | 20220512123308.0 | ||
| 008 | 220512s1974 pl a f 001 0 pol | ||
| 015 | _aUWD 1974/5468 | ||
| 035 | _a991029139149705066 | ||
| 035 | _a(PL-WaBN)b17876175-48omnis_nlop | ||
| 035 | _ab17876175 | ||
| 035 | _a(OCoLC)830744552 | ||
| 035 | _azz2005936909 | ||
| 035 | _a(PL)b0000001787617 | ||
| 035 | _a(EXLNZ-48OMNIS_NETWORK)9910199627705606 | ||
| 040 |
_aWA N _cWA N _dKOSZ 005/RW |
||
| 046 | _k1974 | ||
| 080 | _a621.317: | ||
| 080 | _a62-5 | ||
| 100 | 1 |
_aMiller, Dan _eAutor |
|
| 245 | 1 | 0 |
_aPrzetworniki elektryczne wybranych wielkości fizykochemicznych / _cDan Miller ; [recenzent dr inż. Stanisław Wydżga]. |
| 250 | _aWydanie I. | ||
| 260 |
_aWarszawa : _bWydawnictwa Naukowo-Techniczne, _c1974. |
||
| 300 |
_a236 stron : _bilustracje, tabele, wykresy ; _c21 cm. |
||
| 336 |
_aTekst _btxt _2rdacontent |
||
| 337 |
_aBez urządzenia pośredniczącego _bn _2rdamedia |
||
| 338 |
_aWolumin _bnc _2rdacarrier |
||
| 380 | _aKsiążki | ||
| 380 | _aPublikacje fachowe | ||
| 388 | 1 | _a1901-2000 | |
| 388 | 1 | _a1945-1989 | |
| 504 | _aBibliografia na stronach [190]-192. Indeks. | ||
| 521 | 8 | _aKsiążka jest przeznaczona dla inżynierów elektryków zainteresowanych zagadnieniami automatyzacji. Może być także przydatna dla inżynierów innych specjalności. | |
| 650 | 7 | _aAutomatyka | |
| 650 | 7 | _aPrzetworniki | |
| 650 | 7 | _aPrzetworniki pomiarowe | |
| 650 | 7 | _aZastosowanie i wykorzystanie | |
| 655 | 7 | _aOpracowanie | |
| 658 | _aInżynieria i technika | ||
| 700 | 1 |
_aWydżga, Stanisław _d(1926-2009) _eRecenzja |
|
| 710 | 2 |
_aWydawnictwa Naukowo-Techniczne _4pbl |
|
| 856 |
_uhttp://koha.tu.koszalin.pl/cgi-bin/koha/opac-detail.pl?biblionumber=26220 _yKatalog online BPK |
||
| 942 |
_2UKD _cKS |
||
| 999 |
_c26220 _d26220 |
||